| 000 | 00435nam a2200181Ia 4500 | ||
|---|---|---|---|
| 001 | 1899 | ||
| 005 | 20260306143802.0 | ||
| 008 | 260306t2014||||xx |||||||||||||| ||spa|| | ||
| 041 | _aESP | ||
| 082 |
_a158.1 _bG23 |
||
| 100 |
_aGarcía Abondano, Juan Carlos _eAUT |
||
| 245 | 0 |
_aAdicción: _befectos colaterales |
|
| 260 | _c2014 | ||
| 300 |
_a261 páginas : _c23 cm. |
||
| 650 | _aGEN | ||
| 654 | _aCPS | ||
| 942 |
_cLIB _dJUS _fJUS _2ddc _n |
||
| 999 |
_c1899 _d1899 |
||